| 000 | nam a22 a 4500 | ||
|---|---|---|---|
| 999 |
_c90302 _d90302 |
||
| 003 | BLK | ||
| 005 | 20230324133532.0 | ||
| 008 | 180408b bul|||||r ||||||| ||bul|| | ||
| 010 | _aKNG00095041000 | ||
| 020 | _a954-459-042-0 | ||
| 040 | _aBLK | ||
| 041 |
_aBUL _cBUL |
||
| 080 |
_aАнглийска литература _b821.111 _x-31 _z821.111-31 |
||
| 100 | 1 |
_aМерел, Конкордия _eпърви автор _994910 |
|
| 139 |
_aМерел, Конкордия _bМ 49 |
||
| 245 | 1 | 0 |
_aКупена жена _cКонкордия Мерел; прев. Радка Крапчева. |
| 245 | 1 | 0 |
_aФарът се запалва _bРомани |
| 257 | _aGBR | ||
| 260 |
_aПловдив _bХермес _c1993 _fВ. Търново : Абагар _n954-459-042-0 |
||
| 300 |
_a464 с. _c20 см |
||
| 380 | _aX | ||
| 490 |
_a31 забравени любовни романи _9202136 |
||
| 500 | _aБез сведения за ориг. загл. - В кн. означено 2. изд. - Офс. изд. - 60 060 тир. | ||
| 700 | 1 |
_aКрапчева, Радка _eпрев. _9363597 |
|
| 852 |
_aЦб 171194 _bЦб |
||
| 856 | 4 |
_qpdf _i0.00 _ldisable |
|
| 856 | 4 |
_qpdf _i0.00 _ldisable |
|
| 942 |
_cKNG _n0 _08 _s1 |
||
| 944 |
_aCR _c30.03.2010 _lф / _kЛюдмила_Стоянова |
||
| 944 |
_aED _c21.04.2010 _lф / |
||
| 999 | _d90302 | ||